Referencias a cuestiones ambientales en las Normas Internacionales de Información Financiera (Registro nro. 11840)
[ vista simple ]
| 000 -LEADER | |
|---|---|
| fixed length control field | 00454 a2200133 4500 |
| 001 - CONTROL NUMBER | |
| control field | ART_10929 |
| 005 - DATE AND TIME OF LATEST TRANSACTION | |
| control field | 20260410161624.0 |
| 008 - FIXED-LENGTH DATA ELEMENTS--GENERAL INFORMATION | |
| fixed length control field | 260409a |
| 100 1# - MAIN ENTRY--PERSONAL NAME | |
| Personal name | García Fronti, Inés M. |
| 245 10 - TITLE STATEMENT | |
| Title | Referencias a cuestiones ambientales en las Normas Internacionales de Información Financiera |
| 700 1# - ADDED ENTRY--PERSONAL NAME | |
| Personal name | D´Onofrio, Paula Alejandra |
| 700 1# - ADDED ENTRY--PERSONAL NAME | |
| Personal name | Panario Centeno, María Marta |
| 773 0# - HOST ITEM ENTRY | |
| Title | Enfoques |
| Related parts | - Nº 1 (ene. 2013) |
| Record control number | REV416 |
No hay ítems disponibles.